000 01749nam a22002537a 4500
999 _c1581
_d1581
003 DO-SdBJH
005 20191031230951.0
008 171026b xxu||||| |||| 00| 0 esp d
040 _cRCAA
_aDO-SdBJH
_bspa
090 _aTG EGCEMC
_b01091 2016
100 1 _aReyes Concepción, Eddy
_esustentante
245 1 0 _aLecciones aprendidas mediante la ejecución de los planes correctivos para enfrentar la delincuencia juvenil en Cristo Rey, Santo Domingo, Distrito Nacional /
_c Eddy Reyes Concepción, asesores Freddy Marte Acosta, Francisco Acosta Pérez
260 _aSanto Domingo :
_bINSUDE,
_c2016
300 _axiv, 82 páginas, ilustraciones-gráficos-tablas
502 _aTesis (Especialidad en Comando y Estado Mayor Conjunto) -- Instituto Superior para la Defensa (INSUDE). -- Escuela de Graduados en Comando y Estado Mayor “General de División Gregorio Luperón”, 2016.
504 _aIncluye referencias bibliográficas e índices
505 _aMarco referencial sobre delincuencia juvenil en Cristo Rey. -- Planes correctivos desarrollados para prevenir y enfrentar la delincuencia juvenil en el sector de Cristo Rey. -- Distrito Nacional. -- Lecciones aprendidas mediante la implementación de planes para prevenir la delincuencia juvenil en el sector Cristo Rey
650 4 _aImplementación planes prevenir delincuencia -- Sector Cristo Rey -- Santo Domingo. Distrito Nacional
651 4 _aRepública Dominicana -- Delincuencia juvenil -- Planes correctivas
700 1 _aMarte Acosta, Freddy
_easesor
700 1 _aAcosta Pérez, Francisco
_easesor
830 _aINSUDE. Escuela de Graduados en Comando y Estado Mayor “General de División Gregorio Luperón”. Tesis y disertaciones académicas
942 _2CL
_cT